000 00697nam a2200181Ia 4500
008 100917s9999 xx 000 0 und d
082 _b63961
100 _aभालेराव सुधाकर
245 _aकृत्रमि उपग्रह आणि अवकाश विज्ञान
260 _bअनिरूध्द साहित्य
_c1976
300 _a136
365 _b20
520 _aभूगोल
630 _aकृत्रमि उपग्रह आणि अवकाश विज्ञान
650 _aभूगोल
730 _aकृत्रमि उपग्रह आणि अवकाश विज्ञान
942 _cBOOK
999 _c669355
_d669352